La calidad de la educación en los países nacientes

Збережено в:
Бібліографічні деталі
Формат: Книга
Мова:Іспанська
Опубліковано: Ciudad de México Reverté Mexicana 1967
Предмети:
Теги: Додати тег
Немає тегів, Будьте першим, хто поставить тег для цього запису!

MARC

LEADER 00000nam a2200000 a 4500
001 UCW4598
003 CL-VaPUC
008 900605e19670000MX |||||||||||||||||spa|d
082 0 4 |a 306.43  |b CAL  |2 21 
245 1 3 |a La calidad de la educación en los países nacientes 
300 |a 136 p 
942 |c BK 
945 |d 19900605 00:00:00 
260 |a Ciudad de México  |b Reverté Mexicana  |c 1967 
650 0 |a Sociología de la educación   |9 260380 
650 0 |a Calidad de la educación   |9 307271 
583 |a last modification  |c 19900605 00:00:00  |k Rodrigo Vera 
999 |c 218278  |d 218276 
952 |0 0  |1 0  |4 0  |6 306_430000000000000_CAL_1967  |7 0  |8 P  |9 207532  |a BIBEDU  |b BIBEDU  |c BIBEDU_PB  |d 2019-11-15  |i 2753529  |o 306.43 CAL 1967  |p 2753529  |r 2024-01-25  |w 2019-11-15  |y BK  |k EDU